[Event "NSU Open 2014"]
[Site "?"]
[Date "2014.01.03"]
[Round "1"]
[White "Montgomery, Jan"]
[Black "Strange, Mikkel"]
[Result "1-0"]
[WhiteElo "2134"]
[BlackElo "2370"]
[PlyCount "133"]

1. d4 d5 2. Nf3 e6 3. e3 c5 4. b3 Nf6 5. Bd3 Nc6 6. Bb2 cxd4 7. exd4 Bb4+ 8. c3
Bd6 9. O-O O-O 10. Re1 Qc7 11. Nbd2 a5 12. Rc1 Bd7 13. c4 a4 14. Bb1 axb3 15.
Qxb3 Na5 16. Qd3 dxc4 17. Nxc4 Nxc4 18. Rxc4 Bb5 19. Rxc7 Bxd3 20. Rxb7 Bxb1
21. Rxb1 Rxa2 22. Ne5 Nd5 23. Nc4 Bf4 24. g3 Bh6 25. Ba3 Nc3 26. Bxf8 Kxf8 27.
Rb8+ Ke7 28. R1b7+ Kf6 29. Ne5 Ne2+ 30. Kg2 Nxd4 31. Ng4+ Kg6 32. Nxh6 Kxh6 33.
Rxf7 Nf5 34. Rb6 Kg6 35. Rf8 Re2 36. Kf1 Re5 37. f4 Re4 38. Kf2 h5 39. Rfb8 Kf7
40. R8b7+ Kf6 41. Rb4 Re3 42. Rb3 Re4 43. R7b4 Nd4 44. Rd3 e5 45. Rb6+ Kf5 46.
fxe5 h4 47. Re3 hxg3+ 48. hxg3 Rxe5 49. g4+ Kf4 50. Rxe5 Kxe5 51. Kg3 g5 52.
Rg6 Ne6 53. Kf3 Kd5 54. Ke3 Ke5 55. Rg8 Kd5 56. Ra8 Ke5 57. Ra5+ Kf6 58. Ke4
Ng7 59. Ra6+ Kf7 60. Ke5 Kg8 61. Ra7 Kh7 62. Kf6 Kh6 63. Kf7 Nh5 64. Ra6+ Kh7
65. Ra2 Nf4 66. Rh2+ Nh3 67. Rxh3# 1-0

[Event "NSU Open 2014"]
[Site "?"]
[Date "2014.01.03"]
[Round "1"]
[White "Andersen, Daniel"]
[Black "Kühn, Morten"]
[Result "1-0"]
[WhiteElo "1876"]
[BlackElo "1806"]
[PlyCount "85"]

1. c4 Nf6 2. Nc3 Nc6 3. Nf3 d6 4. d4 Bg4 5. e4 e5 6. d5 Ne7 7. Be2 Ng6 8. h3
Bd7 9. g3 Be7 10. Be3 b6 11. Qd2 h6 12. O-O-O Nh7 13. Ne1 Qc8 14. h4 Nf6 15. f3
Nh5 16. Rg1 Nf6 17. Nd3 a5 18. Rh1 h5 19. Rdg1 Ng8 20. Bg5 Bxg5 21. Qxg5 N8e7
22. Qe3 c5 23. f4 Qc7 24. fxe5 dxe5 25. Qd2 Ng8 26. Qg5 Nf6 27. Nf2 O-O-O 28.
g4 Nh7 29. Qe3 Nf6 30. g5 Ne8 31. Nd3 Nd6 32. b3 Kb7 33. Qg3 Rde8 34. Rf1 Re7
35. Qe1 Nf8 36. Qd1 g6 37. Qe1 Ka7 38. Qg3 Ne8 39. Rf2 Kb7 40. Rhf1 Rh7 41. Bf3
Qd6 42. Bg2 Nc7 43. Rf6 1-0

[Event "NSU Open 2014"]
[Site "?"]
[Date "2014.01.03"]
[Round "1"]
[White "Sørensen, John K."]
[Black "Christophersen, David"]
[Result "1-0"]
[WhiteElo "1771"]
[BlackElo "1700"]
[PlyCount "57"]

1. d4 Nf6 2. Nf3 g6 3. c4 d6 4. Nc3 Bg7 5. e4 O-O 6. Be2 c5 7. d5 a6 8. O-O Qc7
9. Qc2 e6 10. Bg5 Re8 11. Rae1 Bd7 12. Bd3 Ng4 13. h3 Ne5 14. Nxe5 Bxe5 15. f4
Bd4+ 16. Kh1 Qa5 17. f5 exf5 18. exf5 Rxe1 19. Rxe1 f6 20. Bh6 g5 21. Re7 Qd8
22. Qe2 Be5 23. Rg7+ Kh8 24. h4 b5 25. hxg5 bxc4 26. Qh5 cxd3 27. Qf7 Bxf5 28.
Rxh7+ Bxh7 29. Qg7# 1-0

[Event "NSU Open 2014"]
[Site "?"]
[Date "2014.01.03"]
[Round "1"]
[White "Olsen, Filip Boe"]
[Black "Rasmussen, Ole"]
[Result "1-0"]
[WhiteElo "1857"]
[BlackElo "1616"]
[PlyCount "105"]

1. d4 Nf6 2. Nf3 g6 3. Bf4 Bg7 4. e3 d6 5. Be2 O-O 6. h3 Nbd7 7. O-O Re8 8. c4
b6 9. Nc3 Bb7 10. Qc2 e5 11. dxe5 Nxe5 12. Nxe5 dxe5 13. Rfd1 Qe7 14. Bg3 Rad8
15. a3 a6 16. b4 c5 17. Qb3 Ne4 18. Nxe4 Bxe4 19. bxc5 Qxc5 20. Rxd8 Rxd8 21.
Rd1 Rxd1+ 22. Qxd1 Bf6 23. Qa4 a5 24. Bf3 Bxf3 25. gxf3 Qc8 26. Kg2 Kg7 27. Qb5
Qc5 28. Qxc5 bxc5 29. f4 exf4 30. Bxf4 Bd8 31. Be5+ f6 32. Bd6 Bb6 33. Kf3 Kf7
34. a4 Ke6 35. Bb8 h5 36. e4 g5 37. Kg3 Bd8 38. f4 Bb6 39. Kf3 Bd8 40. Ke3 Bb6
41. f5+ Kd7 42. e5 fxe5 43. Bxe5 Bc7 44. Ke4 Bxe5 45. Kxe5 Ke7 46. f6+ Kf7 47.
Kf5 g4 48. hxg4 h4 49. g5 h3 50. g6+ Kg8 51. Ke6 h2 52. f7+ Kf8 53. Kf6 1-0

[Event "NSU Open 2014"]
[Site "?"]
[Date "2014.01.03"]
[Round "1"]
[White "Nielsen, Kai Gylling"]
[Black "Hansen, Erik Hedegaard"]
[Result "1-0"]
[WhiteElo "1752"]
[BlackElo "1733"]
[PlyCount "95"]

1. Nf3 Nf6 2. d4 d5 3. g3 c6 4. Nbd2 e6 5. a3 Be7 6. Bg2 O-O 7. O-O c5 8. dxc5
Bxc5 9. b4 Be7 10. Bb2 Bd7 11. Re1 Bc6 12. e3 Nbd7 13. Rb1 a6 14. Nd4 Rc8 15.
Nxc6 Rxc6 16. c4 Nb6 17. cxd5 Nfxd5 18. Qb3 Bf6 19. Ne4 Bxb2 20. Rxb2 Nc4 21.
Rc2 b5 22. Rd1 Qb6 23. Nc5 Rd6 24. Bf1 Ne5 25. Be2 Rfd8 26. Rcd2 Nf6 27. Rd4
Rxd4 28. Rxd4 Rxd4 29. exd4 Nc6 30. Qd3 Nd5 31. Bf3 Nce7 32. Be4 g6 33. Qf3 Kg7
34. h4 Qd6 35. h5 Ng8 36. hxg6 hxg6 37. Bxd5 exd5 38. Qf4 Qxf4 39. gxf4 Ne7 40.
Nxa6 Nc6 41. Nc7 Nxd4 42. Kg2 Nc2 43. Nxb5 Kf6 44. Kf3 Kf5 45. Ke2 Ke4 46. Kd2
Nd4 47. Nxd4 Kxd4 48. a4 1-0

[Event "NSU Open 2014"]
[Site "?"]
[Date "2014.01.03"]
[Round "1"]
[White "Langer, Peter"]
[Black "Petersen, Jan"]
[Result "1/2-1/2"]
[WhiteElo "1530"]
[BlackElo "1612"]
[PlyCount "132"]

1. d4 d5 2. Nf3 Nf6 3. Bf4 e6 4. Nbd2 Bd6 5. Bg5 Nbd7 6. e3 O-O 7. Bd3 h6 8.
Bh4 c5 9. b3 e5 10. dxe5 Nxe5 11. Rc1 Bg4 12. Be2 Ng6 13. Bg3 Re8 14. Bxd6 Qxd6
15. h3 Bxf3 16. Bxf3 d4 17. Nc4 Qe7 18. O-O Rad8 19. Qe1 Nh4 20. Be2 b5 21. Na5
dxe3 22. f3 Rd2 23. g3 Nf5 24. Bxb5 Qd6 25. f4 Rb8 26. Be2 Ne4 27. Nc4 Qd4 28.
Rf3 Nexg3 29. Rxg3 Rxe2 30. Qxe2 Nxg3 31. Qe1 Nf5 32. Rd1 e2+ 33. Rxd4 Nxd4 34.
Qc1 Nf3+ 35. Kf2 e1=Q+ 36. Qxe1 Nxe1 37. Kxe1 f6 38. Kf2 Kf7 39. Kf3 Ke6 40.
Ne3 g6 41. Ke4 Rd8 42. Kf3 f5 43. h4 h5 44. Ke2 Rd4 45. Kf3 Rd2 46. Kg3 Re2 47.
Kf3 Rh2 48. Kg3 Rh1 49. a3 Kd6 50. a4 Rc1 51. Kf3 Kc6 52. Ke2 a6 53. Kf3 Ra1
54. Kf2 Ra2 55. Kf3 Kd6 56. Ke2 Ke6 57. Kf3 Kf7 58. Ke2 Ra1 59. Kf3 Kg7 60. Kf2
Rh1 61. Kg3 Kh6 62. Ng2 Ra1 63. Ne3 Rc1 64. Kg2 Ra1 65. Kg3 Ra2 66. Kf3 Ra1
1/2-1/2

[Event "NSU Open 2014"]
[Site "?"]
[Date "2014.01.03"]
[Round "1"]
[White "Sørensen, Viggo"]
[Black "Christiansen, Niels Jørgen"]
[Result "1-0"]
[WhiteElo "1541"]
[BlackElo "1558"]
[PlyCount "83"]

1. e4 e5 2. f4 exf4 3. Nf3 d5 4. exd5 Bd6 5. Be2 Nf6 6. Nc3 a6 7. O-O O-O 8. d3
Nbd7 9. Ng5 h6 10. Nge4 Bb4 11. Bxf4 Bxc3 12. Nxc3 Nb6 13. d6 cxd6 14. Bf3 d5
15. Qe1 d4 16. Ne2 Nbd5 17. Bxd5 Qxd5 18. Qg3 Nh5 19. Qf2 g5 20. Bd2 Bg4 21.
Nxd4 Rfe8 22. h3 Be6 23. g4 Ng7 24. Bc3 h5 25. Qf6 Qd8 26. Qxg7+ Kxg7 27. Nxe6+
Kg8 28. Nxd8 Raxd8 29. gxh5 Re2 30. Rf2 Re3 31. Kh2 Rde8 32. Rg1 Re2 33. Rxg5+
Kh7 34. Rg7+ Kh6 35. Rgxf7 Kxh5 36. Kg3 R2e3+ 37. R7f3 Rg8+ 38. Kh2 Re7 39.
Rf5+ Kg6 40. Rf6+ Kh7 41. Rf7+ Rxf7 42. Rxf7+ 1-0

[Event "NSU Open 2014"]
[Site "?"]
[Date "2014.01.03"]
[Round "1"]
[White "Petersen, Rasmus"]
[Black "Sørensen, Bernhard W."]
[Result "1/2-1/2"]
[WhiteElo "1508"]
[BlackElo "1442"]
[PlyCount "74"]

1. d4 e6 2. c4 f5 3. Nf3 Nf6 4. Nc3 c6 5. Bg5 d5 6. cxd5 exd5 7. g3 h6 8. Bxf6
Qxf6 9. Bg2 Bb4 10. O-O O-O 11. a3 Bd6 12. Rc1 Nd7 13. Na4 Re8 14. e3 g5 15. h4
g4 16. Ne1 Nf8 17. Nd3 Ng6 18. Nf4 Nxf4 19. exf4 Bd7 20. Qd2 b6 21. Nc3 Kh7 22.
Rfe1 Rxe1+ 23. Rxe1 Re8 24. Re3 Re6 25. Rxe6 Bxe6 26. Qe3 Bd7 27. Kf1 Qd8 28.
Ne2 b5 29. Nc1 Qa5 30. b4 Qa4 31. Qb3 Qxb3 32. Nxb3 Kg7 33. Ke2 Kf7 34. Ke3 Ke8
35. Bf1 Kd8 36. Bd3 Kc7 37. Kd2 Kd8 1/2-1/2

[Event "NSU Open 2014"]
[Site "?"]
[Date "2014.01.03"]
[Round "1"]
[White "Larsen, Daniel"]
[Black "Hein, Jacob"]
[Result "0-1"]
[WhiteElo "1498"]
[BlackElo "1357"]
[PlyCount "54"]

1. d4 Nf6 2. c4 g6 3. Nf3 Bg7 4. Nc3 d5 5. cxd5 Nxd5 6. e4 Nxc3 7. bxc3 c5 8.
Bb5+ Bd7 9. Qb3 Nc6 10. Ng5 O-O 11. Bc4 e6 12. dxc5 Na5 13. Qb4 Nxc4 14. Qxc4
Rc8 15. O-O Qe7 16. Qb3 Bc6 17. Rb1 h6 18. Nh3 Bxe4 19. Rb2 Qxc5 20. Re2 Bd3
21. Ba3 Qxc3 22. Bxf8 Bxe2 23. Bxg7 Qc1 24. Qb1 Bxf1 25. Qxc1 Rxc1 26. Bb2 Rb1
27. f3 Bc4+ 0-1

[Event "NSU Open 2014"]
[Site "?"]
[Date "2014.01.03"]
[Round "1"]
[White "Laursen, Bendt"]
[Black "Pedersen, Tommy"]
[Result "0-1"]
[WhiteElo "1356"]
[BlackElo "1416"]
[PlyCount "48"]

1. e4 e5 2. Nf3 Nc6 3. Bc4 Bc5 4. c3 d6 5. h3 Nf6 6. d3 Be6 7. Bxe6 fxe6 8. Bg5
O-O 9. d4 exd4 10. cxd4 Bb6 11. O-O Qe8 12. Nc3 Qg6 13. Bxf6 Rxf6 14. e5 Rf4
15. d5 Nxe5 16. Nxe5 dxe5 17. Qe2 Raf8 18. Nd1 exd5 19. Ne3 c6 20. Kh2 e4 21.
Rac1 Qf7 22. Kg1 d4 23. Qc4 dxe3 24. Qxf7+ R8xf7 0-1

[Event "NSU Open 2014"]
[Site "?"]
[Date "2014.01.03"]
[Round "1"]
[White "Feldung, Arne"]
[Black "Nielsen, Benny"]
[Result "1-0"]
[WhiteElo "1018"]
[BlackElo "1180"]
[PlyCount "35"]

1. d4 d5 2. c4 c6 3. Nc3 Nf6 4. Nf3 e6 5. Bg5 Be7 6. g3 Nbd7 7. Bg2 h6 8. Bxf6
Nxf6 9. cxd5 exd5 10. O-O O-O 11. Qb3 Qc7 12. Rfe1 Be6 13. Rac1 a6 14. Ne5 Ng4
15. Nxg4 Bxg4 16. e4 Be6 17. exd5 Bd7 18. Rxe7 1-0

[Event "NSU Open 2014"]
[Site "?"]
[Date "2014.01.03"]
[Round "1"]
[White "Bogø, Mathias"]
[Black "Jensen, Torben Brieghel"]
[Result "0-1"]
[WhiteElo "1000"]
[BlackElo "1384"]
[PlyCount "92"]

1. d4 Nf6 2. Nc3 g6 3. Bf4 Bg7 4. Nf3 O-O 5. e4 d6 6. Bc4 Nbd7 7. Qd3 c5 8. e5
Nh5 9. g3 Nxf4 10. gxf4 cxd4 11. Qxd4 dxe5 12. Nxe5 Nxe5 13. Qxd8 Nf3+ 14. Ke2
Rxd8 15. Kxf3 b6 16. Rab1 Bxc3 17. bxc3 Bb7+ 18. Ke2 Bxh1 19. Rxh1 Rac8 20. Bd3
Rxc3 21. f5 Ra3 22. fxg6 fxg6 23. Bc4+ Kh8 24. Rc1 Ra4 25. Bb3 Re4+ 26. Kf3
Rdd4 27. Bd5 Re5 28. Bb3 Rf5+ 29. Ke3 e5 30. c3 Rh4 31. Rh1 Rh3+ 32. Ke2 Rxc3
33. Rd1 a5 34. Rf1 b5 35. Kd2 Rcf3 36. Ke2 a4 37. Bc2 Rf7 38. Bd3 b4 39. Bc2 b3
40. axb3 axb3 41. Bd3 R3f4 42. f3 b2 43. Bc2 Rc7 44. Be4 Rc1 45. Rd1 Rxe4+ 46.
fxe4 Rxd1 0-1

[Event "NSU Open 2014"]
[Site "?"]
[Date "2014.01.03"]
[Round "1"]
[White "Strange, Markus"]
[Black "Schølin, John"]
[Result "1-0"]
[WhiteElo "1211"]
[BlackElo "1015"]
[PlyCount "78"]

1. e4 e5 2. d4 d5 3. dxe5 dxe4 4. Qxd8+ Kxd8 5. Nc3 c6 6. Nxe4 Nd7 7. Nf3 Nc5
8. Bg5+ Ke8 9. O-O-O Bf5 10. Nd6+ Bxd6 11. exd6 f6 12. Bf4 Kd7 13. Bc4 Nh6 14.
Nh4 g5 15. Nxf5 Nxf5 16. Bg3 Nxg3 17. hxg3 b5 18. Bf7 Raf8 19. Bh5 Ne4 20. Rhe1
Nxd6 21. b3 Rd8 22. Bg4+ Kc7 23. Re7+ Kb6 24. Re6 Nb7 25. Rxf6 Rxd1+ 26. Kxd1
Rd8+ 27. Ke2 Re8+ 28. Kf3 Rd8 29. Bf5 Rd6 30. Rxd6 Nxd6 31. Bxh7 Kc7 32. Kg4
Kd7 33. Kxg5 Ke7 34. f4 Kf8 35. g4 Kg7 36. Bd3 a6 37. f5 Nf7+ 38. Kf4 Kf6 39.
g3 Ne5 1-0

[Event "NSU Open 2014"]
[Site "?"]
[Date "2014.01.04"]
[Round "2"]
[White "Kühn, Morten"]
[Black "Kristensen, Kåre"]
[Result "0-1"]
[WhiteElo "1806"]
[BlackElo "2345"]
[PlyCount "120"]

1. e4 c5 2. Nf3 d6 3. d4 cxd4 4. Nxd4 Nf6 5. Nc3 a6 6. f3 g6 7. Be3 Bg7 8. Qd2
Nbd7 9. Bh6 Bxh6 10. Qxh6 b5 11. Nc6 Qb6 12. Nb4 Bb7 13. O-O-O Rc8 14. Qd2 O-O
15. g4 a5 16. Nbd5 Bxd5 17. Nxd5 Nxd5 18. exd5 Rc5 19. Kb1 Nf6 20. h4 Rxd5 21.
Bd3 Kg7 22. h5 g5 23. h6+ Kh8 24. Rde1 e6 25. Qc3 Rd4 26. Bxb5 Nd5 27. Qc6 Qxc6
28. Bxc6 Nf4 29. Rd1 Rxd1+ 30. Rxd1 d5 31. c4 dxc4 32. Rd7 Kg8 33. Ra7 Rb8 34.
Rxa5 Nd3 35. Rxg5+ Kf8 36. Rb5 Rxb5 37. Bxb5 Ne5 38. a4 Ke7 39. Kc2 Kd6 40. f4
Nxg4 41. Bxc4 Nxh6 42. Bd3 f5 43. b4 Ng4 44. a5 Ne3+ 45. Kc3 Nd5+ 46. Kc4 Nxf4
47. Bf1 e5 48. b5 h5 49. a6 Nd5 50. a7 Nb6+ 51. Kb4 e4 52. Kc3 Ke5 53. Kd2 h4
54. Bh3 f4 55. Bg4 Kd4 56. Bf5 f3 57. Bg4 e3+ 58. Ke1 Ke4 59. Bc8 Kf4 60. Kf1
Kg3 0-1

[Event "NSU Open 2014"]
[Site "?"]
[Date "2014.01.04"]
[Round "2"]
[White "Strange, Mikkel"]
[Black "Borg, Flemming"]
[Result "1-0"]
[WhiteElo "2370"]
[BlackElo "1799"]
[PlyCount "85"]

1. e4 d5 2. exd5 Qxd5 3. Nc3 Qa5 4. d4 c6 5. Nf3 Nf6 6. Bc4 Bf5 7. O-O e6 8.
Re1 Be7 9. Ne5 Nbd7 10. Bb3 Nxe5 11. dxe5 Nd7 12. Qe2 O-O 13. Bf4 Nc5 14. Bd2
Qc7 15. Rac1 b5 16. a3 Nxb3 17. cxb3 a6 18. b4 Rac8 19. Nd1 Rfd8 20. Rc3 Qb7
21. Be3 Rd5 22. Bc5 Bg5 23. Ne3 Rxe5 24. Rec1 Bxe3 25. fxe3 Rd5 26. e4 Re5 27.
Re3 Bg6 28. Bd6 Rh5 29. g4 Rh4 30. Bg3 Rh6 31. Bf4 Rh4 32. Bg5 Rh6 33. h4 f6
34. Bxh6 gxh6 35. h5 Be8 36. Qf2 Qg7 37. Rf1 Bxh5 38. Qxf6 Qxg4+ 39. Kh2 Bg6
40. Rg1 Qh5+ 41. Rh3 Qe2+ 42. Rg2 Qxe4 43. Rxh6 1-0

[Event "NSU Open 2014"]
[Site "?"]
[Date "2014.01.04"]
[Round "2"]
[White "Montgomery, Jan"]
[Black "Andersen, Daniel"]
[Result "0-1"]
[WhiteElo "2134"]
[BlackElo "1876"]
[PlyCount "60"]

1. d4 e6 2. e3 f5 3. Bd3 Nf6 4. c4 b6 5. Ne2 Bb7 6. f3 Bd6 7. Nbc3 O-O 8. O-O
a6 9. e4 fxe4 10. fxe4 e5 11. Bg5 Be7 12. dxe5 Ng4 13. Rxf8+ Qxf8 14. Bxe7 Qxe7
15. Nd4 Qxe5 16. Qxg4 Qxd4+ 17. Kh1 Qxd3 18. Rd1 Qxc4 19. Qg5 Nc6 20. Nd5 Rf8
21. Ne3 Qe6 22. Nf5 Qf6 23. Qg3 Ne5 24. Rd4 g6 25. h4 Rd8 26. Ne3 Qf7 27. Qh3
d6 28. Rd1 Bc8 29. g4 Qf3+ 30. Qxf3 Nxf3 0-1

[Event "NSU Open 2014"]
[Site "?"]
[Date "2014.01.04"]
[Round "2"]
[White "Hansen, Erik Hedegaard"]
[Black "Olsen, Filip Boe"]
[Result "0-1"]
[WhiteElo "1733"]
[BlackElo "1857"]
[PlyCount "136"]

1. d4 d5 2. c4 c6 3. e3 Bf5 4. Bd3 Bxd3 5. Qxd3 Nf6 6. Nc3 e6 7. Nf3 Nbd7 8.
O-O Bd6 9. Nd2 O-O 10. f4 Qe7 11. Nf3 c5 12. Ne5 cxd4 13. exd4 dxc4 14. Nxc4
Rfd8 15. Qe2 Rac8 16. Be3 Bb4 17. Bd2 b5 18. Ne5 a6 19. Rac1 Bxc3 20. Bxc3 b4
21. Bd2 Qd6 22. Nf3 Nd5 23. Ng5 N7f6 24. Qe5 Qb6 25. Nf3 h6 26. h3 Qb7 27. f5
exf5 28. Qxf5 a5 29. Qd3 Rxc1 30. Bxc1 Re8 31. Ne5 Qb6 32. Kh1 Rc8 33. Bd2 a4
34. Nf3 b3 35. axb3 Qxb3 36. Qa6 Rb8 37. Re1 Qb5 38. Qa7 Rb7 39. Qa8+ Kh7 40.
Bc3 Nxc3 41. bxc3 Rc7 42. Ra1 Rxc3 43. Qxa4 Rc1+ 44. Kh2 Qb8+ 45. Ne5 Rc3 46.
Qa7 Qc7 47. Qxc7 Rxc7 48. Rd1 Nd5 49. Nf3 f6 50. Rd2 g5 51. Ne1 Rd7 52. Kg1 Kg6
53. Nd3 Nc7 54. Nc5 Rd5 55. g4 Nb5 56. Nb3 h5 57. Kf2 hxg4 58. hxg4 Nd6 59. Rd3
f5 60. gxf5+ Kxf5 61. Rf3+ Kg6 62. Re3 Kf5 63. Rf3+ Kg4 64. Re3 Nf5 65. Re4+
Kh3 66. Re5 Rxe5 67. dxe5 g4 68. Nd2 g3+ 0-1

[Event "NSU Open 2014"]
[Site "?"]
[Date "2014.01.04"]
[Round "2"]
[White "Christophersen, David"]
[Black "Rasmussen, Ole"]
[Result "1-0"]
[WhiteElo "1700"]
[BlackElo "1616"]
[PlyCount "63"]

1. d4 Nf6 2. c4 g6 3. Nc3 Bg7 4. e4 d6 5. f3 O-O 6. Be3 e5 7. d5 Nfd7 8. Qd2 f5
9. exf5 gxf5 10. g3 Nf6 11. O-O-O Qe8 12. Bd3 e4 13. Bc2 Nbd7 14. Re1 Qg6 15.
fxe4 Nxe4 16. Nxe4 fxe4 17. Ne2 Ne5 18. Nf4 Qg4 19. Bxe4 Nxc4 20. Bxh7+ Kxh7
21. Qc2+ Qf5 22. Qxc4 Qf6 23. Re2 Bg4 24. Rf2 Qe5 25. Qb3 Qe4 26. Re1 Bf5 27.
Nh5 Bd4 28. Rf4 Qb1+ 29. Kd2 Bxe3+ 30. Rxe3 Rae8 31. Rxe8 Rxe8 32. Nf6+ 1-0

[Event "NSU Open 2014"]
[Site "?"]
[Date "2014.01.04"]
[Round "2"]
[White "Sørensen, John K."]
[Black "Nielsen, Kai Gylling"]
[Result "0-1"]
[WhiteElo "1771"]
[BlackElo "1752"]
[PlyCount "100"]

1. d4 d5 2. Nf3 Nf6 3. Bf4 Bf5 4. e3 Nh5 5. Bg3 Nxg3 6. hxg3 h6 7. Bd3 Bxd3 8.
Qxd3 e6 9. Nbd2 Nc6 10. a3 Be7 11. b4 Bf6 12. Rc1 O-O 13. g4 e5 14. dxe5 Nxe5
15. Nxe5 Bxe5 16. f4 Bf6 17. g5 Bxg5 18. fxg5 Qxg5 19. Kf2 c6 20. Nf3 Qf6 21.
Rcf1 Rfe8 22. Rh5 Re4 23. Kg1 Qg6 24. Rh3 Rae8 25. Nd2 Rg4 26. Qxg6 Rxg6 27.
Rhf3 Re7 28. c4 dxc4 29. Nxc4 Rge6 30. Kf2 Rd7 31. Ke2 b5 32. Nd2 Red6 33. Nb3
f6 34. Nd4 Kf7 35. Rc1 a5 36. Rxc6 axb4 37. Rxd6 Rxd6 38. axb4 Ra6 39. Rf5 Ra2+
40. Kf3 g5 41. Rxb5 Kg6 42. Rc5 Rb2 43. b5 h5 44. Rc2 Rb4 45. Rc3 Rb1 46. Rb3
g4+ 47. Kg3 Rf1 48. b6 Kg5 49. b7 h4+ 50. Kh2 g3+ 0-1

[Event "NSU Open 2014"]
[Site "?"]
[Date "2014.01.04"]
[Round "2"]
[White "Petersen, Jan"]
[Black "Jensen, Jan K."]
[Result "1/2-1/2"]
[WhiteElo "1612"]
[BlackElo "1520"]
[PlyCount "63"]

1. d4 d5 2. e3 Nf6 3. Bd3 Nbd7 4. f4 e6 5. Nf3 Be7 6. O-O O-O 7. Ne5 Ne4 8.
Bxe4 dxe4 9. Nxd7 Bxd7 10. Nc3 Bc6 11. Bd2 f5 12. a3 b6 13. b4 Qe8 14. Qe2 g5
15. b5 Bb7 16. Qc4 Qd7 17. g3 Rad8 18. Ne2 c5 19. Bc3 Bd5 20. Qa4 g4 21. dxc5
Bxc5 22. Bd4 Rc8 23. Rfd1 Bxd4 24. Rxd4 Qc7 25. c4 Ba8 26. Rad1 Rf7 27. Rd6 Re7
28. Qb3 Kf7 29. R1d4 Bd5 30. Qb4 Bb7 31. Qd2 Bd5 32. Qb4 1/2-1/2

[Event "NSU Open 2014"]
[Site "?"]
[Date "2014.01.04"]
[Round "2"]
[White "Langer, Peter"]
[Black "Sørensen, Viggo"]
[Result "1/2-1/2"]
[WhiteElo "1530"]
[BlackElo "1541"]
[PlyCount "63"]

1. d4 d5 2. Nf3 Nf6 3. Bf4 e6 4. Nbd2 c5 5. c3 Nc6 6. e3 cxd4 7. exd4 Bd6 8.
Ne5 O-O 9. Bd3 Qc7 10. Ndf3 h6 11. Bg3 Nh5 12. Qe2 Nxg3 13. hxg3 Nxe5 14. Nxe5
Bxe5 15. dxe5 Qe7 16. Qe3 Bd7 17. O-O-O f5 18. exf6 Qxf6 19. f4 b6 20. Kb1 Rae8
21. Be4 Bc6 22. Bf3 Qg6+ 23. Ka1 Qxg3 24. Rd4 Qg6 25. Bh5 Qxg2 26. Rg1 Qh2 27.
Bxe8 Rxe8 28. Rd2 Qh5 29. Qg3 Qf7 30. Rh2 Qf6 31. Rhg2 Re7 32. Rh2 1/2-1/2

[Event "NSU Open 2014"]
[Site "?"]
[Date "2014.01.04"]
[Round "2"]
[White "Christiansen, Niels Jørgen"]
[Black "Søes, Jan"]
[Result "1-0"]
[WhiteElo "1558"]
[BlackElo "1631"]
[PlyCount "65"]

1. d4 d5 2. e3 e6 3. c4 dxc4 4. Bxc4 a6 5. Nc3 Nf6 6. Nf3 c5 7. O-O Nc6 8. a3
b5 9. Bb3 Bb7 10. Bc2 h6 11. Ne4 cxd4 12. exd4 Be7 13. b4 O-O 14. Qd3 g6 15.
Bxh6 Re8 16. Neg5 Bf8 17. Nxf7 Kxf7 18. Qxg6+ Ke7 19. Bg5 Qd5 20. Bxf6+ Kd7 21.
Rad1 Kc7 22. Be4 Qb3 23. Rc1 Bd6 24. Ne5 Bxe5 25. Bxe5+ Kb6 26. Bd6 Rad8 27.
Bc5+ Kc7 28. Qg3+ Qxg3 29. fxg3 Kb8 30. Bxc6 Bxc6 31. Rf7 Rd5 32. Rcf1 Red8 33.
Rf8 1-0

[Event "NSU Open 2014"]
[Site "?"]
[Date "2014.01.04"]
[Round "2"]
[White "Pedersen, Tommy"]
[Black "Petersen, Rasmus"]
[Result "1/2-1/2"]
[WhiteElo "1416"]
[BlackElo "1508"]
[PlyCount "80"]

1. e4 c5 2. Nf3 d6 3. d4 cxd4 4. Nxd4 Nf6 5. Nc3 g6 6. Bc4 Bg7 7. O-O O-O 8.
Re1 Bd7 9. Nd5 Nc6 10. c3 Rc8 11. Bb3 Nxd5 12. Bxd5 Qb6 13. Nxc6 Bxc6 14. Bb3
a6 15. Be3 Qc7 16. f3 Rfd8 17. Qc2 d5 18. Qf2 Rd7 19. Bb6 Qb8 20. Rad1 dxe4 21.
Rxd7 Bxd7 22. Rxe4 e6 23. Bd4 Bc6 24. Re1 Bxd4 25. Qxd4 Rd8 26. Qe3 Bd5 27. c4
Bc6 28. Bc2 Qc7 29. b3 Rd7 30. Rd1 Rxd1+ 31. Bxd1 Qd6 32. Be2 e5 33. c5 Qd5 34.
Bc4 Qd1+ 35. Kf2 Qc2+ 36. Qe2 Qc3 37. Qd3 Qb2+ 38. Qe2 Qd4+ 39. Qe3 Qb2+ 40.
Qe2 Qd4+ 1/2-1/2

[Event "NSU Open 2014"]
[Site "?"]
[Date "2014.01.04"]
[Round "2"]
[White "Hein, Jacob"]
[Black "Sørensen, Bernhard W."]
[Result "0-1"]
[WhiteElo "1357"]
[BlackElo "1442"]
[PlyCount "54"]

1. c4 e5 2. g3 Nf6 3. Bg2 d5 4. e3 Nc6 5. cxd5 Nxd5 6. Nc3 Be6 7. Qa4 Qd7 8. a3
O-O-O 9. b4 Nxc3 10. dxc3 Ne7 11. b5 Kb8 12. Bb2 Qd2+ 13. Kf1 Qxb2 14. Rd1
Rxd1+ 15. Qxd1 Qxb5+ 16. Ne2 Kc8 17. Bf3 Nd5 18. Kg2 Bxa3 19. Qb1 Qxb1 20. Rxb1
c6 21. Bxd5 Bxd5+ 22. f3 Bc4 23. Kf2 Rd8 24. Ke1 Rd3 25. Ra1 Bc5 26. Ra5 Bb5
27. c4 Bb4+ 0-1

[Event "NSU Open 2014"]
[Site "?"]
[Date "2014.01.04"]
[Round "2"]
[White "Larsen, Daniel"]
[Black "Laursen, Bendt"]
[Result "0-1"]
[WhiteElo "1498"]
[BlackElo "1356"]
[PlyCount "129"]

1. d4 d5 2. c4 c6 3. Nc3 Bf5 4. Nf3 e6 5. e3 Bb4 6. Qb3 Bxc3+ 7. bxc3 Qc7 8.
cxd5 exd5 9. Nh4 Bc8 10. Bd3 Ne7 11. Ba3 O-O 12. O-O Re8 13. Rfe1 Nd7 14. e4
Nb6 15. e5 Be6 16. f4 Qd7 17. Rf1 Bf5 18. Qc2 Bxd3 19. Qxd3 Nc4 20. Bxe7 Rxe7
21. f5 f6 22. exf6 Re3 23. Qc2 gxf6 24. Qd1 Qg7 25. Qc2 Rae8 26. g3 R8e4 27.
Ng2 Re2 28. Qa4 a5 29. Nf4 b5 30. Qd1 R2e3 31. Ne6 Rxg3+ 32. Kh1 Qh6 33. Rg1
Ree3 34. Rxg3+ Rxg3 35. Qe1 Re3 36. Qg1+ Kf7 37. Nd8+ Kf8 38. Nxc6 Qg5 39. Qxg5
fxg5 40. Rb1 Rxc3 41. Rxb5 Ne3 42. Kg1 Rxc6 43. Rxa5 Kf7 44. Ra7+ Kg8 45. Ra8+
Kg7 46. Ra7+ Kh6 47. Rf7 Ra6 48. Kf2 Ng4+ 49. Kg3 Rf6 50. Rxf6+ Nxf6 51. a4 Ne8
52. a5 Nc7 53. Kg4 Na6 54. h4 gxh4 55. Kxh4 Kg7 56. Kg5 h6+ 57. Kf4 Kf6 58. Kg4
h5+ 59. Kxh5 Kxf5 60. Kh4 Ke4 61. Kg4 Kxd4 62. Kf4 Kc4 63. Ke3 d4+ 64. Kd2 Nb4
65. Ke2 0-1

[Event "NSU Open 2014"]
[Site "?"]
[Date "2014.01.04"]
[Round "2"]
[White "Jensen, Torben Brieghel"]
[Black "Feldung, Arne"]
[Result "1-0"]
[WhiteElo "1384"]
[BlackElo "1018"]
[PlyCount "65"]

1. e4 c6 2. d4 d5 3. Nc3 dxe4 4. Nxe4 Bf5 5. Ng3 Bg6 6. h4 h5 7. Nf3 Nd7 8. Bd3
Bxd3 9. Qxd3 Ngf6 10. Bd2 e6 11. O-O-O c5 12. Qe2 Bd6 13. Nf5 Qc7 14. Nxg7+ Kf8
15. Nxe6+ fxe6 16. Qxe6 Re8 17. Ng5 Rxe6 18. Nxe6+ Kf7 19. Nxc7 Bxc7 20. Bc3
Bf4+ 21. Bd2 Bxd2+ 22. Rxd2 Re8 23. f3 c4 24. Kd1 Re3 25. Re1 Nd5 26. c3 Rxe1+
27. Kxe1 Kf6 28. g4 Nf4 29. b3 Nb6 30. Kf2 cxb3 31. axb3 Nbd5 32. c4 Ne7 33.
Kg3 1-0

[Event "NSU Open 2014"]
[Site "?"]
[Date "2014.01.04"]
[Round "2"]
[White "Schølin, John"]
[Black "Nielsen, Benny"]
[Result "1/2-1/2"]
[WhiteElo "1015"]
[BlackElo "1180"]
[PlyCount "60"]

1. e4 e5 2. Nf3 Nc6 3. c3 Nf6 4. Bc4 Bc5 5. d4 Bb6 6. Be3 exd4 7. cxd4 Nxe4 8.
d5 Na5 9. b3 d6 10. O-O O-O 11. Re1 Re8 12. Bd3 Bxe3 13. Rxe3 f5 14. b4 c6 15.
Qe1 cxd5 16. bxa5 Qf6 17. Nbd2 d4 18. Re2 d5 19. Rc1 Bd7 20. Rc7 Bc6 21. a6 b6
22. Nb3 Rec8 23. Rxc8+ Rxc8 24. Nbxd4 g5 25. Qb4 g4 26. Ne1 h5 27. f3 gxf3 28.
Nexf3 h4 29. h3 Rc7 30. Qe1 Rg7 1/2-1/2

[Event "NSU Open 2014"]
[Site "?"]
[Date "2014.01.04"]
[Round "3"]
[White "Kristensen, Kåre"]
[Black "Montgomery, Jan"]
[Result "1/2-1/2"]
[WhiteElo "2345"]
[BlackElo "2134"]
[PlyCount "111"]

1. e4 c5 2. Nf3 d6 3. d4 cxd4 4. Nxd4 Nf6 5. Nc3 Nc6 6. Bg5 e6 7. Qd2 Be7 8.
O-O-O O-O 9. f4 Nxd4 10. Qxd4 h6 11. Bh4 Qa5 12. Bc4 e5 13. fxe5 dxe5 14. Qg1
Be6 15. Bxf6 Bxf6 16. Nd5 Bg5+ 17. Kb1 Qa4 18. h4 Bd8 19. b3 Qa3 20. g4 Rc8 21.
Rd3 Bxd5 22. Bxd5 Bb6 23. Qc1 Qxc1+ 24. Kxc1 Rc7 25. Kd2 g6 26. h5 Kg7 27. Rf3
Rd7 28. Ke2 Bd8 29. hxg6 Kxg6 30. Be6 Rd6 31. Bf5+ Kg7 32. Rhh3 Bg5 33. Rd3
Rfd8 34. Rxd6 Rxd6 35. Rd3 Rxd3 36. Kxd3 a5 37. Kc4 b6 38. Kb5 Be3 39. c3 Bd2
40. c4 Be3 41. Kc6 Kf6 42. a3 Ke7 43. b4 axb4 44. axb4 Kd8 45. Bh7 Kc8 46. Bg8
f6 47. Be6+ Kb8 48. c5 bxc5 49. bxc5 Bd2 50. Kd7 Bb4 51. c6 Ba5 52. Bd5 Bb6 53.
Kd6 Ba5 54. Ke6 Kc7 55. Kxf6 Bc3 56. Kf5 1/2-1/2